VTCC TRIAD 2025 (FALL) - Statistics

General Stats
  • This quiz has been taken 12 times
  • The average score is 14 of 58
Answer Stats
Hint Answer % Correct
XO: C/MAJ Jones
83%
1SG: C/1SG Lankford
83%
SGM: C/SGM Peterson
83%
XO: C/1LT Poel
83%
CO: C/CPT Smith
83%
CO: C/LTC Tedesco
83%
CO: C/CPT Worthington
83%
1SG: C/1SG Saulnier
67%
CO: C/LTC Sobota
67%
SGM: C/SGM Moore
50%
XO: C/1LT Sciortino
50%
XO: C/1LT Toney
50%
XO: C/1LT Valliere
50%
CO: C/CPT Carrol
33%
1SG: C/1SG Gallimore
33%
XO: C/MAJ Goger
33%
CO: C/LTC Hambrick
33%
1SG: C/1SG Heeter
33%
CO: C/CPT Hovatter
33%
1SG: C/1SG Vaules
33%
1SG: C/1SG Benson
17%
CO: C/CPT Currey
17%
1SG: C/1SG Garris
17%
XO: C/1LT Gunderson
17%
XO: C/1LT Kawk
17%
CO: C/CPT Mauro
17%
CO: C/CPT Mazikin
17%
CO: C/CPT McGrory
17%
XO: C/1LT Paulaskas
17%
1SG: C/1SG Pease
17%
CO: C/CPT Pickard
17%
XO: C/1LT Reiten
17%
1SG: C/1SG Shumaker
17%
XO: C/1LT Vrabel
17%
CO: C/CPT Waugh
17%
XO: C/MAJ Workmaster
17%
XO: C/1LT Borachok
0%
XO: C/1LT Callanan
0%
CO: C/CPT Chiodini
0%
XO: C/1LT Connerton
0%
XO: C/1LT Doyle
0%
1SG: C/1SG Duren
0%
CO: C/CPT Gruber
0%
1SG: C/1SG Heisey
0%
CO: C/CPT Hill
0%
Drum Major Homerik
0%
CO: C/CPT Howard
0%
XO: C/1LT Jatczak
0%
SGM: C/SGM Larochelle
0%
1SG: C/1SG Macdonald
0%
1SG: C/1SG Marik
0%
1SG: C/1SG McCleave
0%
SGM: C/SGM Morrice
0%
XO: C/1LT Morris
0%
XO: C/MAJ Peek
0%
1SG: C/1SG Pratt
0%
CO: C/CPT Schleiff
0%
CO: C/LTC Wade
0%
No matching quizzes found
Score Distribution
Percent of People with Each Score
Percentile by Number Answered
Your Score History
You have not taken this quiz